[Event "SV Ga Rüdersdorf-SF Wadgassen"]
[Site "?"]
[Date "2006.12.28"]
[Round "4.4"]
[White "Müller, Thea-Lina"]
[Black "Neumann, Tanja"]
[Result "1-0"]
[WhiteElo "1816"]
[BlackElo "1188"]
[PlyCount "47"]
[EventDate "2006.??.??"]

1. e4 e5 2. Nf3 Nc6 3. Bc4 Bc5 4. c3 Nf6 5. d3 d6 6. Bb3 O-O 7. h3 Bd7 8. Nbd2
Qe7 9. Nf1 Be6 10. Bc2 d5 11. Ng3 dxe4 12. dxe4 Rad8 13. Qe2 Bb6 14. O-O Qc5
15. Bb3 Bd7 16. Nh4 Ne7 17. Be3 Qc6 18. Qf3 Ng6 19. Bg5 Bc5 20. Nhf5 h6 21.
Nxh6+ Kh7 22. Nxf7 Rde8 23. Bxf6 gxf6 24. Qh5+ 1-0

[Event "SK König Tegel-Spgem Kötz/Ichenhausen"]
[Site "?"]
[Date "2006.12.28"]
[Round "4.2"]
[White "Rath, Alina"]
[Black "Dauer, Christina"]
[Result "1-0"]
[WhiteElo "1843"]
[BlackElo "1942"]
[PlyCount "91"]
[EventDate "2006.??.??"]

1. c4 f5 2. g3 g6 3. Bg2 Bg7 4. Nc3 Nf6 5. d4 O-O 6. Nh3 Nc6 7. f3 e5 8. d5 Na5
9. Qd3 b6 10. O-O Ba6 11. b3 Nb7 12. e4 Nc5 13. Qe2 f4 14. b4 fxg3 15. hxg3 Nh5
16. Kh2 Nf4 17. gxf4 exf4 18. Bd2 Bxc3 19. Bxc3 Na4 20. Be1 Qf6 21. Rc1 c6 22.
e5 Qg7 23. dxc6 dxc6 24. b5 Bb7 25. Qc2 Nc5 26. Bc3 Qe7 27. Rcd1 cxb5 28. cxb5
Rac8 29. Qe2 Ne6 30. Bb2 Rc7 31. Rd2 Qh4 32. Qf2 Qh5 33. Kg1 Rfc8 34. Rfd1 Qf5
35. Qe2 Rc2 36. Nf2 Rxd2 37. Rxd2 Qb1+ 38. Kh2 Qxa2 39. Ng4 Kf8 40. Nf6 Ng5 41.
Qd3 Qe6 42. Ba3+ Kg7 43. Qd7+ Qf7 44. Qg4 Ne6 45. Rd7 h5 46. Qxe6 1-0

[Event "SK König Tegel-Spgem Kötz/Ichenhausen"]
[Site "?"]
[Date "2006.12.28"]
[Round "4.1"]
[White "Nuber, Helene"]
[Black "Schulz, Stefanie"]
[Result "1/2-1/2"]
[WhiteElo "2047"]
[BlackElo "2126"]
[PlyCount "50"]
[EventDate "2006.??.??"]

1. e4 c5 2. d3 Nc6 3. Be3 d6 4. Nc3 Nf6 5. g3 e5 6. Bg2 Be7 7. f4 exf4 8. Bxf4
Bg4 9. Qd2 O-O 10. Nf3 d5 11. exd5 Nxd5 12. Nxd5 Qxd5 13. O-O Qd7 14. Rae1 Bf6
15. c3 Rad8 16. Re3 b6 17. Rfe1 h6 18. Qf2 Be6 19. Nd2 Be7 20. g4 Bd5 21. Bxd5
Qxd5 22. Qf3 Qxf3 23. Nxf3 Bd6 24. Bxd6 Rxd6 25. Kf2 f5 1/2-1/2

[Event "SK König Tegel-Spgem Kötz/Ichenhausen"]
[Site "?"]
[Date "2006.12.28"]
[Round "4.3"]
[White "Dauer, Carolin"]
[Black "Neldner, Uta"]
[Result "0-1"]
[WhiteElo "1474"]
[BlackElo "1849"]
[PlyCount "48"]
[EventDate "2006.??.??"]

1. e4 c5 2. Nc3 Nc6 3. g3 g6 4. Bg2 Bg7 5. d3 d6 6. f4 e6 7. Nf3 Nge7 8. O-O
O-O 9. Be3 Rb8 10. Rb1 a6 11. g4 f5 12. h3 b5 13. Qe1 Qc7 14. Qh4 Nd4 15. Rf2
a5 16. Ng5 h6 17. Nf3 b4 18. Nd1 a4 19. e5 Nxf3+ 20. Bxf3 dxe5 21. fxe5 f4 22.
Bd2 g5 23. Qh5 Bd7 24. Bd5 exd5 0-1

[Event "SK König Tegel-Spgem Kötz/Ichenhausen"]
[Site "?"]
[Date "2006.12.28"]
[Round "4.4"]
[White "Buncke, Johanna"]
[Black "Kühn, Carmen"]
[Result "0-1"]
[WhiteElo "1588"]
[BlackElo "1520"]
[PlyCount "48"]
[EventDate "2006.??.??"]

1. e4 e5 2. Nf3 Nc6 3. d4 exd4 4. Nxd4 Nf6 5. Nxc6 bxc6 6. e5 Qe7 7. Qe2 Nd5 8.
c4 Nb6 9. b3 Qe6 10. Bb2 Ba6 11. g3 Bb4+ 12. Nd2 O-O 13. Bg2 Rfe8 14. a3 Bf8
15. Bf3 Rab8 16. Bc3 d5 17. cxd5 Nxd5 18. Bxd5 Qxd5 19. Qf3 Rxe5+ 20. Bxe5
Qxe5+ 21. Qe4 Qxa1+ 22. Nb1 Re8 23. Qxe8 Qxb1+ 24. Kd2 Qxh1 0-1

[Event "SG BW Stadtilm-SG Bochum31"]
[Site "?"]
[Date "2006.12.28"]
[Round "4.1"]
[White "Zhang, Fan"]
[Black "Hoffmann, Lena"]
[Result "1-0"]
[WhiteElo "2049"]
[BlackElo "1897"]
[PlyCount "81"]
[EventDate "2006.??.??"]

1. d4 d5 2. c4 e6 3. Nc3 Nf6 4. Bg5 Be7 5. e3 O-O 6. Nf3 c6 7. Rc1 Nbd7 8. Bd3
dxc4 9. Bxc4 Qc7 10. O-O Re8 11. a3 b5 12. Bd3 Qd8 13. Qe2 a6 14. Rfd1 Bb7 15.
e4 Nh5 16. Be3 Nhf6 17. Bb1 Nb6 18. Bg5 Rc8 19. e5 Nfd5 20. Bxe7 Qxe7 21. Ne4
Red8 22. Nd6 Rb8 23. Nd2 f5 24. Nb3 Ba8 25. Nc5 a5 26. Na6 Qg5 27. Qd2 Nf4 28.
g3 Nh3+ 29. Kf1 Qxd2 30. Rxd2 Ng5 31. Nxb8 Rxb8 32. Ba2 Nd5 33. Bxd5 exd5 34.
Nxf5 Kf7 35. Nd6+ Ke7 36. Kg2 g6 37. f4 Ne6 38. b4 a4 39. f5 gxf5 40. Nxf5+ Kd7
41. Rf1 1-0

[Event "SG BW Stadtilm-SG Bochum 31"]
[Site "?"]
[Date "2006.12.28"]
[Round "4.2"]
[White "Kinzel, Franziska"]
[Black "Albano Jeremias, Bianca"]
[Result "0-1"]
[WhiteElo "1459"]
[BlackElo "1950"]
[PlyCount "66"]
[EventDate "2006.??.??"]

1. e4 e6 2. d4 d5 3. Nc3 Nf6 4. Bg5 Bb4 5. e5 h6 6. Bxf6 gxf6 7. f4 fxe5 8.
fxe5 Qh4+ 9. Ke2 Bxc3 10. bxc3 Bd7 11. Qd3 a6 12. Nf3 Qe7 13. Kd2 Bb5 14. Qe3
Bxf1 15. Rhxf1 Nd7 16. Kd3 O-O-O 17. Nd2 Nb6 18. Rfb1 f6 19. Rb2 fxe5 20. Qxe5
Qf7 21. Ke2 Rhg8 22. g3 Rg5 23. Qe3 Qh5+ 24. Kd3 Qxh2 25. Qxe6+ Kb8 26. Re1
Rxg3+ 27. Re3 Rdg8 28. Nf3 Qg2 29. Rxb6 cxb6 30. Qxd5 Qf1+ 31. Ke4 R8g4+ 32.
Ke5 Rg5+ 33. Nxg5 Rxg5+ 0-1

[Event "SG BW Stadtilm-SG Bochum 31"]
[Site "?"]
[Date "2006.12.28"]
[Round "4.3"]
[White "Hohmann, Louisa"]
[Black "Kinzel, Tiffany"]
[Result "0-1"]
[WhiteElo "1642"]
[BlackElo "1516"]
[PlyCount "86"]
[EventDate "2006.??.??"]

1. e4 c5 2. Nf3 d6 3. d4 cxd4 4. Nxd4 Nf6 5. Nc3 a6 6. f3 e5 7. Nb3 Be6 8. Be3
Be7 9. Qd2 Nbd7 10. O-O-O b5 11. g4 Nb6 12. g5 Nfd7 13. Nd5 Bxd5 14. exd5 Rc8
15. f4 Nc4 16. Bxc4 bxc4 17. Na1 exf4 18. Bxf4 O-O 19. h4 c3 20. Qd4 Qa5 21.
Kb1 cxb2 22. Nb3 Qc7 23. Qxb2 Rb8 24. h5 Ne5 25. Bc1 a5 26. Qd4 Rb4 27. Qd2
Rfb8 28. Ka1 a4 29. Ba3 R4b6 30. Nd4 Nc4 31. Qc3 Bxg5 32. Rb1 Rxb1+ 33. Rxb1
Rxb1+ 34. Kxb1 Nxa3+ 35. Qxa3 Qb6+ 36. Qb2 Qxb2+ 37. Kxb2 Bf6 38. Kc3 g6 39.
hxg6 fxg6 40. Kd3 Bxd4 41. Kxd4 h5 42. Ke3 g5 43. Kf3 Kf7 0-1

[Event "SG BW Stadtilm-SG Bochum 31"]
[Site "?"]
[Date "2006.12.28"]
[Round "4.4"]
[White "Jünger, Theresa"]
[Black "Orhan, Eda"]
[Result "1/2-1/2"]
[WhiteElo "1226"]
[BlackElo "1499"]
[PlyCount "88"]
[EventDate "2006.??.??"]

1. e4 d5 2. exd5 Qxd5 3. Nc3 Qa5 4. d4 Bf5 5. Nf3 Nf6 6. Be2 e6 7. a3 Nbd7 8.
Bd2 c6 9. O-O Qc7 10. Bg5 Bd6 11. h3 h6 12. Bxf6 gxf6 13. Na2 Rg8 14. Kh1 O-O-O
15. c4 Rg7 16. Qa4 Kb8 17. b4 Rdg8 18. Rg1 Be4 19. Nc3 Bxf3 20. Bxf3 Nb6 21.
Qb3 Bf4 22. a4 Bh2 23. Rgf1 Bf4 24. a5 Nd7 25. c5 Bd2 26. Ne4 Bf4 27. b5 Kc8
28. b6 axb6 29. axb6 Qb8 30. Ra7 Kd8 31. Rfa1 Ke7 32. Ra8 Qxa8 33. Rxa8 Rxa8
34. g3 f5 35. gxf4 fxe4 36. Bxe4 Nf6 37. Bf3 Nd5 38. Bxd5 exd5 39. Qe3+ Kf8 40.
f5 Ra1+ 41. Kh2 Rag1 42. Qf3 R7g2+ 43. Qxg2 Rxg2+ 44. Kxg2 f6 1/2-1/2

[Event "SG Porz-SF Brackel"]
[Site "?"]
[Date "2006.12.28"]
[Round "4.1"]
[White "Zemella, Jennifer"]
[Black "Kaplun, Viktoria"]
[Result "1/2-1/2"]
[WhiteElo "1928"]
[BlackElo "1939"]
[PlyCount "93"]
[EventDate "2006.??.??"]

1. e4 c5 2. d4 cxd4 3. c3 dxc3 4. Nxc3 a6 5. Bc4 e6 6. Nf3 b5 7. Bb3 Bb7 8. a3
d6 9. O-O Be7 10. Qe2 Nf6 11. Rd1 Nbd7 12. Bf4 Qb8 13. Rac1 O-O 14. Rd2 Rd8 15.
Rcd1 Ne5 16. Nxe5 dxe5 17. Rxd8+ Bxd8 18. Bg3 Be7 19. Bh4 Qc7 20. Rd3 Rd8 21.
Rxd8+ Qxd8 22. Qd1 Qd4 23. Qxd4 exd4 24. Ne2 e5 25. f3 Bc5 26. Bf2 Nd7 27. Nc1
Kf8 28. Nd3 Bb6 29. Kf1 f6 30. Be1 a5 31. Ba2 Ke7 32. Bd2 Kd6 33. Ke2 Nf8 34.
h3 Bc8 35. b4 a4 36. Nc5 Ne6 37. Nxe6 Bxe6 38. Bxe6 Kxe6 39. g4 Kf7 40. Kd3 Ke6
41. Ke2 g6 42. Kd3 f5 43. Bc1 fxg4 44. fxg4 Bd8 45. g5 Be7 46. h4 h6 47. Bd2
1/2-1/2

[Event "SG Porz-SF Brackel"]
[Site "?"]
[Date "2006.12.28"]
[Round "4.3"]
[White "Schöttler, Katharina"]
[Black "Tunc, Helin"]
[Result "1-0"]
[WhiteElo "1607"]
[BlackElo "1286"]
[PlyCount "69"]
[EventDate "2006.??.??"]

1. e4 e5 2. Nf3 Nc6 3. Bc4 Bc5 4. c3 d6 5. d3 Nf6 6. O-O Bg4 7. Nbd2 O-O 8. h3
Bh5 9. Re1 Re8 10. Nf1 h6 11. Ng3 Bg6 12. Qb3 Na5 13. Qd1 Nxc4 14. dxc4 Qd7 15.
Nh4 Bh7 16. Nhf5 Nxe4 17. Nxh6+ gxh6 18. Nxe4 Qf5 19. Nxc5 dxc5 20. Bxh6 Kh8
21. Qd5 Rad8 22. Qxc5 f6 23. Qxc7 Rg8 24. Bg7+ Rxg7 25. Qxd8+ Rg8 26. Qd5 Qxh3
27. Re3 Qh4 28. Rd1 Bf5 29. Rd2 Bh3 30. Rxh3 Qxh3 31. Qxg8+ Kxg8 32. gxh3 Kg7
33. Rd7+ Kg6 34. Rxb7 Kf5 35. c5 1-0

[Event "SG Porz-SF Brackel"]
[Site "?"]
[Date "2006.12.28"]
[Round "4.4"]
[White "Schäfer, Emma"]
[Black "Kartseva, Nataly"]
[Result "0-1"]
[WhiteElo "1084"]
[BlackElo "1497"]
[PlyCount "82"]
[EventDate "2006.??.??"]

1. e4 d5 2. exd5 Nf6 3. d4 Nxd5 4. Nf3 Bf5 5. Bd3 Bxd3 6. Qxd3 e6 7. O-O Nc6 8.
c3 a6 9. Be3 Bd6 10. Re1 O-O 11. Nbd2 h6 12. Nc4 Re8 13. Rad1 b5 14. Nce5 Bxe5
15. Nxe5 Nxe5 16. dxe5 Qe7 17. Qe4 Rad8 18. b4 Nxc3 19. Qc2 Nxd1 20. Rxd1 Rxd1+
21. Qxd1 Qxb4 22. h3 Qe7 23. Qg4 g5 24. h4 f6 25. exf6 Qxf6 26. hxg5 hxg5 27.
Bxg5 Qg6 28. f4 Kf7 29. Qf3 Qb1+ 30. Kh2 Rh8+ 31. Kg3 Qxa2 32. Qc6 Qa3+ 33. Kg4
Qd6 34. Qc3 e5 35. fxe5 Qd7+ 36. Kf4 Ke6 37. Bf6 Rh1 38. Qf3 Kf7 39. Qb3+ Qe6
40. Qxe6+ Kxe6 41. Ke4 b4 0-1

[Event "SC Leipzig-Gohlis-SG Bochum 31"]
[Site "Torgelow"]
[Date "2006.12.29"]
[Round "5.1"]
[White "Zhang, Fan"]
[Black "Ohme, Melanie"]
[Result "1/2-1/2"]
[WhiteElo "2049"]
[BlackElo "2145"]
[PlyCount "80"]
[EventDate "2006.??.??"]

1. d4 c5 2. e3 d5 3. Nf3 Nc6 4. c4 e6 5. Nc3 Nf6 6. Bd3 dxc4 7. Bxc4 cxd4 8.
exd4 Be7 9. O-O O-O 10. Re1 Nb4 11. Bg5 Re8 12. Qb3 Nc6 13. Qd1 h6 14. Bh4 a6
15. a3 Nd7 16. Bg3 b5 17. Ba2 Nf6 18. d5 exd5 19. Nxd5 Ra7 20. Nxe7+ Raxe7 21.
Qxd8 Rxe1+ 22. Rxe1 Rxd8 23. Kf1 Bf5 24. Rc1 Be4 25. Ne5 Nxe5 26. Bxe5 Re8 27.
Bxf6 Bd3+ 28. Kg1 gxf6 29. h3 Re2 30. Rc7 Bg6 31. Ra7 Rxb2 32. Bd5 b4 33. axb4
Rxb4 34. Rxa6 Kg7 35. Ra7 Rb2 36. h4 Rb5 37. Bc4 Rc5 38. Bb3 Rb5 39. Bc4 Rc5
40. Bb3 Rb5 1/2-1/2

[Event "SC Leipzig-Gohlis-SG Bochum 31"]
[Site "Torgelow"]
[Date "2006.12.29"]
[Round "5.2"]
[White "Beltz, Franziska"]
[Black "Albano Jeremias, Bianca"]
[Result "1/2-1/2"]
[WhiteElo "2055"]
[BlackElo "1950"]
[PlyCount "115"]
[EventDate "2006.??.??"]

1. e4 e6 2. d4 d5 3. e5 c5 4. c3 Nc6 5. Nf3 Bd7 6. Be2 Qb6 7. O-O Nge7 8. Na3
cxd4 9. cxd4 Nf5 10. Nc2 Be7 11. b3 Rc8 12. Bb2 O-O 13. Rc1 Nb4 14. Nxb4 Bxb4
15. g4 Nh6 16. Qd3 Be7 17. h3 a6 18. a4 Bxa4 19. bxa4 Qxb2 20. Rb1 Qc2 21. Rxb7
Qxd3 22. Bxd3 Rc3 23. Bxa6 Rxf3 24. Rxe7 Ra3 25. Bb5 g6 26. Kg2 Rc8 27. Re8+
Rxe8 28. Bxe8 Kf8 29. Bb5 Ng8 30. Rc1 h5 31. Rc8+ Kg7 32. Rc7 hxg4 33. hxg4 g5
34. Ra7 Nh6 35. f3 Ra2+ 36. Kg3 Rb2 37. Bd7 Rd2 38. Bxe6 Rxd4 39. Bxf7 Nxf7 40.
e6 Kg8 41. exf7+ Kf8 42. Kf2 Rd3 43. Rd7 d4 44. a5 Ra3 45. Rd5 Kxf7 46. Rxg5
Ra2+ 47. Ke1 Ke6 48. a6 d3 49. f4 Kd6 50. Rf5 Ke6 51. Rh5 Kd6 52. Rh3 Ra3 53.
Kd2 Ra2+ 54. Kc3 Ra3+ 55. Kd2 Ra2+ 56. Kc3 Ra3+ 57. Kd2 Ra2+ 58. Kc3 1/2-1/2

[Event "SC Leipzig-Gohlis-SG Bochum 31"]
[Site "Torgelow"]
[Date "2006.12.29"]
[Round "5.3"]
[White "Hohmann, Louisa"]
[Black "Beltz, Carmen"]
[Result "1/2-1/2"]
[WhiteElo "1642"]
[BlackElo "1952"]
[PlyCount "57"]
[EventDate "2006.??.??"]

1. e4 c5 2. Nf3 e6 3. c3 Nf6 4. Bd3 Nc6 5. Bc2 Qc7 6. O-O Be7 7. Re1 d6 8. d4
cxd4 9. cxd4 O-O 10. Nc3 e5 11. h3 Bd7 12. Be3 Rac8 13. Rc1 Qb8 14. a3 Na5 15.
Bd3 b5 16. Nd5 Nxd5 17. exd5 Bf6 18. dxe5 dxe5 19. Bc5 Rfe8 20. Nd2 Nb7 21. Ne4
Bd8 22. Qh5 g6 23. Qe2 a6 24. Be3 Bf5 25. Nc5 Bxd3 26. Nxd3 Bf6 27. Nb4 Qd6 28.
Rcd1 Nc5 29. Nc6 1/2-1/2

[Event "SC Leipzig-Gohlis-SG Bochum 31"]
[Site "Torgelow"]
[Date "2006.12.29"]
[Round "5.4"]
[White "Salden, Franziska"]
[Black "Orhan, Eda"]
[Result "1-0"]
[WhiteElo "1976"]
[BlackElo "1499"]
[PlyCount "51"]
[EventDate "2006.??.??"]

1. e4 d5 2. exd5 Qxd5 3. Nc3 Qa5 4. d4 Bf5 5. Bc4 Nf6 6. Bd2 c6 7. Nf3 e6 8.
Qe2 Bb4 9. O-O-O Nbd7 10. Ne5 Qc7 11. g4 Bg6 12. f4 O-O-O 13. Rhf1 Bxc3 14.
Bxc3 Nxe5 15. dxe5 Rxd1+ 16. Kxd1 Ne4 17. f5 Nxc3+ 18. bxc3 Qd8+ 19. Bd3 exf5
20. gxf5 Qd5 21. fxg6 hxg6 22. Kc1 Qc5 23. Rxf7 Qxc3 24. Qg4+ Kb8 25. Qg3 a6
26. Rxb7+ 1-0

[Event "SK König Tegel-SAV Torgelow"]
[Site "Torgelow"]
[Date "2006.12.29"]
[Round "5.1"]
[White "Janotta, Steffi"]
[Black "Schulz, Stefanie"]
[Result "1-0"]
[WhiteElo "2029"]
[BlackElo "2126"]
[PlyCount "43"]
[EventDate "2006.??.??"]

1. e4 g6 2. d4 Bg7 3. Nc3 c6 4. Nf3 d5 5. e5 Nh6 6. Bxh6 Bxh6 7. Bd3 O-O 8. h4
Bg4 9. h5 Kg7 10. Ne2 f6 11. hxg6 hxg6 12. Nh4 fxe5 13. dxe5 Qb6 14. f3 Bh5 15.
Ng3 Qxb2 16. Nxh5+ gxh5 17. Ng6 Nd7 18. Rh4 Qc3+ 19. Kf1 Nc5 20. Nxf8 Rxf8 21.
Qe1 Bd2 22. Qg3+ 1-0

[Event "SK König Tegel-SAV Torgelow"]
[Site "Torgelow"]
[Date "2006.12.29"]
[Round "5.2"]
[White "Rath, Alina"]
[Black "Stemmler, Lysan"]
[Result "0-1"]
[WhiteElo "1843"]
[BlackElo "1847"]
[PlyCount "68"]
[EventDate "2006.??.??"]

1. c4 c6 2. Nc3 d6 3. g3 Nf6 4. Bg2 g6 5. e4 Bg7 6. Nge2 e5 7. d3 O-O 8. O-O
Ne8 9. f4 f5 10. Be3 Be6 11. b3 Nf6 12. h3 a6 13. Rc1 b5 14. Qd2 Nbd7 15. exf5
Bxf5 16. g4 Bxg4 17. hxg4 Nxg4 18. Rf3 Ndf6 19. Rg3 Qd7 20. Bh3 h5 21. d4 b4
22. Bxg4 hxg4 23. Na4 Ne4 24. Qd3 Nxg3 25. Nxg3 exf4 26. Nb6 Qd8 27. Qxg6 Ra7
28. Nf5 fxe3 29. Qe6+ Raf7 30. Rc2 Qf6 31. Nxg7 Qxg7 32. Rg2 Qf6 33. Rxg4+ Kh8
34. Qxe3 Qf1+ 0-1

[Event "SK König Tegel-SAV Torgelow"]
[Site "Torgelow"]
[Date "2006.12.29"]
[Round "5.3"]
[White "Völschow, Toni"]
[Black "Neldner, Uta"]
[Result "0-1"]
[WhiteElo "1811"]
[BlackElo "1849"]
[PlyCount "78"]
[EventDate "2006.??.??"]

1. e4 c5 2. Nc3 Nc6 3. f4 d6 4. Bc4 e5 5. d3 Nf6 6. Nf3 Be7 7. O-O O-O 8. Qe1
a6 9. a4 Qc7 10. f5 Nd4 11. Nxd4 cxd4 12. Ne2 Nxe4 13. Nxd4 Nf6 14. Ne2 d5 15.
Bb3 Bd7 16. Qg3 Nh5 17. Qf3 Nf6 18. Qg3 Rfe8 19. d4 Rac8 20. Be3 Bd6 21. Bh6
Bf8 22. Bg5 Ne4 23. Qe3 exd4 24. Nxd4 Nxg5 25. Qxg5 Bc5 26. c3 Qe5 27. Kh1 f6
28. Qd2 Bc6 29. Rae1 Qd6 30. Ne6 Ba7 31. Rf3 Bb8 32. Rg3 Re7 33. Qd1 Qd7 34.
Rh3 Rce8 35. Qh5 g6 36. Qg4 Kh8 37. fxg6 Rxe6 38. Rxe6 Rxe6 39. g7+ Kg8 0-1

[Event "SK König Tegel-SAV Torgelow"]
[Site "Torgelow"]
[Date "2006.12.29"]
[Round "5.4"]
[White "Buncke, Johanna"]
[Black "Hartmann, Elisa"]
[Result "1/2-1/2"]
[WhiteElo "1588"]
[BlackElo "1521"]
[PlyCount "126"]
[EventDate "2006.??.??"]

1. e4 e5 2. Nf3 Nc6 3. d4 exd4 4. Nxd4 Bc5 5. Be3 Qf6 6. c3 Nge7 7. Bc4 O-O 8.
O-O Bb6 9. Nxc6 bxc6 10. Bxb6 axb6 11. f4 d6 12. Nd2 Bb7 13. Qe2 Ng6 14. Rae1
Rae8 15. Qf2 d5 16. exd5 cxd5 17. Rxe8 Rxe8 18. Bb5 Re7 19. g3 Qd6 20. Rd1 c6
21. Bf1 c5 22. Nc4 Qf6 23. Na3 Nf8 24. Bg2 Rd7 25. Bh3 Rd8 26. Bg2 Rd7 27. Nc2
g6 28. Ne3 d4 29. Ng4 Qg7 30. Ne5 Re7 31. Bxb7 Rxb7 32. cxd4 f6 33. Nf3 cxd4
34. Qxd4 Rd7 35. Qc4+ Qf7 36. Qxf7+ Kxf7 37. Rc1 Ke6 38. Rc6+ Rd6 39. Rc8 Nd7
40. Rc2 Nc5 41. Kf2 Kf5 42. h3 Nd3+ 43. Ke3 Nb4 44. Rc4 Nd5+ 45. Ke2 Ke6 46.
Nd4+ Kd7 47. Nc2 Rc6 48. Kd3 Rxc4 49. Kxc4 Kc6 50. Nd4+ Kd6 51. a4 h6 52. Kb5
f5 53. a5 bxa5 54. Kxa5 Kc5 55. Ne6+ Kc4 56. Nf8 g5 57. fxg5 hxg5 58. Nh7 f4
59. gxf4 gxf4 60. Ng5 Kb3 61. Kb5 Kxb2 62. Kc4 Nf6 63. Kd3 Kc1 1/2-1/2

[Event "SV Stuttgart-Wolfbusch-SV GA Rüdersdorf"]
[Site "Torgelow"]
[Date "2006.12.29"]
[Round "5.1"]
[White "Vollak, Marleen"]
[Black "Gussakovski, Jana"]
[Result "1/2-1/2"]
[WhiteElo "1861"]
[BlackElo "2090"]
[PlyCount "56"]
[EventDate "2006.??.??"]

1. e4 c5 2. Nf3 Nc6 3. d4 cxd4 4. Nxd4 g6 5. Be3 Bg7 6. Nc3 Nf6 7. Be2 O-O 8.
Qd2 d5 9. exd5 Nb4 10. Rd1 Nbxd5 11. O-O Nxc3 12. Qxc3 Nd5 13. Qd2 Nxe3 14.
Qxe3 Qb6 15. b3 e5 16. Nb5 Qxe3 17. fxe3 Bh6 18. e4 b6 19. Bc4 a6 20. Nc3 b5
21. Be2 Be3+ 22. Kh1 Bd4 23. Nd5 Bb7 24. Nf6+ Kg7 25. c4 b4 26. Rc1 Rfc8 27.
Bg4 Rc7 28. Nd5 Rc5 1/2-1/2

[Event "SV Stuttgart-Wolfbusch-SV GA Rüdersdorf"]
[Site "Torgelow"]
[Date "2006.12.29"]
[Round "5.2"]
[White "Erben, Larissa"]
[Black "Hönecke, Judith"]
[Result "1-0"]
[WhiteElo "1867"]
[BlackElo "1964"]
[PlyCount "41"]
[EventDate "2006.??.??"]

1. e4 c5 2. Nf3 Nc6 3. d4 cxd4 4. Nxd4 Qb6 5. Nb3 Nf6 6. Nc3 e6 7. Be3 Qc7 8.
Bd3 a6 9. Nd4 d6 10. f4 b5 11. Qf3 Bb7 12. O-O Be7 13. Kh1 Na5 14. a4 b4 15.
Na2 Nc4 16. Bc1 a5 17. Nb5 Qc6 18. e5 Nd5 19. b3 Qb6 20. Bxc4 Rc8 21. Qg3 1-0

[Event "SV Stuttgart-Wolfbusch-SV GA Rüdersdorf"]
[Site "Torgelow"]
[Date "2006.12.29"]
[Round "5.3"]
[White "Sdunzik, Jennifer"]
[Black "Hafner, Katrin"]
[Result "1-0"]
[WhiteElo "1971"]
[BlackElo "1684"]
[PlyCount "77"]
[EventDate "2006.??.??"]

1. e4 e6 2. d4 d5 3. Nc3 Bb4 4. e5 c5 5. a3 Bxc3+ 6. bxc3 Ne7 7. Qg4 Nf5 8. Bd3
h5 9. Qf4 Qc7 10. Bd2 Nc6 11. Nf3 Bd7 12. O-O Nce7 13. Nh4 c4 14. Bxf5 Nxf5 15.
Nxf5 exf5 16. e6 Qxf4 17. exd7+ Kxd7 18. Bxf4 Rae8 19. Rfe1 Re4 20. Rxe4 fxe4
21. h4 a6 22. a4 b6 23. Rb1 Kc6 24. Kh2 f5 25. Be5 Rg8 26. Kg3 g6 27. Kf4 Re8
28. Kg5 Re6 29. Re1 Kd7 30. Bf6 Kd6 31. Kxg6 f4 32. Kg5 Kd7 33. Be5 f3 34. gxf3
exf3 35. Re3 Re8 36. Kxh5 Rg8 37. Bg3 a5 38. Rxf3 Re8 39. Rf7+ 1-0

[Event "SV Stuttgart-Wolfbusch-SV GA Rüdersdorf"]
[Site "Torgelow"]
[Date "2006.12.29"]
[Round "5.4"]
[White "Häcker, Katrin"]
[Black "Müller, Thea-Lina"]
[Result "0-1"]
[WhiteElo "1387"]
[BlackElo "1816"]
[PlyCount "114"]
[EventDate "2006.??.??"]

1. e4 c5 2. Nf3 Nc6 3. d4 cxd4 4. Nxd4 Qb6 5. Nb3 Nf6 6. Nc3 e6 7. Bd3 a6 8.
O-O Be7 9. Kh1 d6 10. f4 Qc7 11. Bd2 b5 12. Qe2 b4 13. Na4 Bd7 14. a3 a5 15. c3
bxa3 16. Rxa3 O-O 17. Nd4 Rfb8 18. Rb1 Rb7 19. Bc2 Nxd4 20. cxd4 Qxc2 21. Rc1
Qxe4 22. Qxe4 Nxe4 23. Bc3 Nxc3 24. bxc3 Rab8 25. h3 Rb1 26. Rxb1 Rxb1+ 27. Kh2
g5 28. fxg5 Bxg5 29. c4 Bd8 30. Nc3 Rb4 31. Ne4 Rxc4 32. Nxd6 Bc7 33. Rg3+ Kf8
34. Nxc4 Bxg3+ 35. Kxg3 a4 36. Kf4 f6 37. g4 Bb5 38. Na3 Bf1 39. h4 Bg2 40. Ke3
Kf7 41. Kf4 Bd5 42. Nb5 Kg6 43. Kg3 h5 44. Na3 hxg4 45. Kxg4 f5+ 46. Kf4 Kh5
47. Kg3 Be4 48. Nb5 Bd3 49. Na3 Ba6 50. Nc2 Bb5 51. Na3 Bd3 52. Kf4 Kxh4 53.
Ke5 Kg4 54. Kxe6 f4 55. d5 f3 56. d6 f2 57. d7 Bf5+ 0-1

[Event "SC Tamm-SC Ichenhausen"]
[Site "Torgelow"]
[Date "2006.12.29"]
[Round "5.1"]
[White "Nuber, Helene"]
[Black "Ströhle, Kathrin"]
[Result "0-1"]
[WhiteElo "2047"]
[BlackElo "1808"]
[PlyCount "26"]
[EventDate "2006.??.??"]

1. e4 e5 2. Nf3 Nc6 3. d4 exd4 4. Nxd4 Qh4 5. Nc3 Bb4 6. Be2 Qxe4 7. O-O Qxd4
8. Nb5 Qxd1 9. Rxd1 Ba5 10. Bf4 d6 11. c3 a6 12. Na3 Nge7 13. Nc4 Be6 0-1

[Event "SC Tamm-SC Ichenhausen"]
[Site "Torgelow"]
[Date "2006.12.29"]
[Round "5.2"]
[White "Bonfert, Nadine"]
[Black "Dauer, Christina"]
[Result "0-1"]
[WhiteElo "1607"]
[BlackElo "1942"]
[PlyCount "102"]
[EventDate "2006.??.??"]

1. e4 e6 2. d4 d5 3. exd5 exd5 4. Bd3 Nc6 5. Nf3 Bg4 6. c3 Qd7 7. Bf4 O-O-O 8.
Nbd2 Re8+ 9. Be3 Bd6 10. O-O f5 11. Nb3 Qf7 12. Be2 Nf6 13. Re1 Qh5 14. h3 Bxh3
15. gxh3 Qxh3 16. Bf1 Qh5 17. Bg2 Ng4 18. Kf1 Rhf8 19. Nc1 Rf6 20. Qd3 h6 21.
Nb3 g5 22. Bd2 Ref8 23. Qb5 Nh2+ 24. Nxh2 Qxh2 25. Qxd5 f4 26. Qf3 h5 27. Qh3+
Qxh3 28. Bxh3+ g4 29. Bxg4+ hxg4 30. f3 gxf3 31. Kf2 Rg6 32. Kxf3 Rg3+ 33. Kf2
f3 34. Rg1 Rh3 35. Rh1 Bg3+ 36. Ke3 Rxh1 37. Rxh1 f2 38. Rf1 Ne7 39. Ke2 Nf5
40. Nc5 Bh4 41. Ne4 Rg8 42. Be3 Re8 43. Kf3 Rxe4 44. Bxf2 Re8 45. Kg4 Bxf2 46.
Rxf2 Nd6 47. Rh2 Kd7 48. Kf4 Kc6 49. Kf3 b6 50. Rh5 Rf8+ 51. Ke3 Nc4+ 0-1

[Event "SC Tamm-SC Ichenhausen"]
[Site "Torgelow"]
[Date "2006.12.29"]
[Round "5.3"]
[White "Dauer, Carolin"]
[Black "Rüdel, Anita"]
[Result "1/2-1/2"]
[WhiteElo "1474"]
[BlackElo "1549"]
[PlyCount "106"]
[EventDate "2006.??.??"]

1. e4 e6 2. d4 d5 3. exd5 exd5 4. Bd3 Bd6 5. c3 c6 6. Qc2 Nf6 7. Ne2 Be6 8. Bf4
O-O 9. O-O Qc7 10. Bxd6 Qxd6 11. Ng3 Re8 12. Nd2 Nbd7 13. Rae1 c5 14. Nf3 c4
15. Bf5 Nf8 16. Re2 Bxf5 17. Nxf5 Rxe2 18. Qxe2 Qe6 19. Qxe6 Nxe6 20. Re1 Rd8
21. Ne5 Kf8 22. Re3 Ne4 23. f3 Nd6 24. Nxd6 Rxd6 25. g3 f6 26. Ng4 Kf7 27. Kg2
Ra6 28. a3 Rb6 29. Re2 Nd8 30. Ne3 Rd6 31. Nf5 Rd7 32. h4 Nc6 33. h5 Ne7 34.
Ne3 h6 35. g4 Rd6 36. Kf2 Rb6 37. Ng2 a6 38. Nf4 Rd6 39. Kg3 b5 40. Ng2 Nc6 41.
Nh4 Ne7 42. f4 Re6 43. Rxe6 Kxe6 44. Ng2 Nc8 45. Ne3 Ne7 46. Nc2 Nc6 47. Kh4 a5
48. Kg3 Ne7 49. Na1 a4 50. Nc2 Nc6 51. Ne3 Ne7 52. Kh4 Kf7 53. g5 f5 1/2-1/2

[Event "SC Tamm-SC Ichenhausen"]
[Site "Torgelow"]
[Date "2006.12.29"]
[Round "5.4"]
[White "Schäfer, Daniela"]
[Black "Kühn, Carmen"]
[Result "1-0"]
[WhiteElo "1450"]
[BlackElo "1520"]
[PlyCount "53"]
[EventDate "2006.??.??"]

1. e4 g6 2. d4 Bg7 3. Nc3 d6 4. Nf3 Nf6 5. Bd3 O-O 6. O-O c6 7. Bg5 Re8 8. Qd2
Bd7 9. Rad1 b5 10. h3 Bc8 11. Rfe1 Bb7 12. e5 dxe5 13. dxe5 b4 14. exf6 bxc3
15. Qxc3 exf6 16. Rxe8+ Qxe8 17. Bxf6 Bxf6 18. Qxf6 Nd7 19. Qd4 c5 20. Qf4 Nb6
21. Re1 Qc6 22. Be4 Nd5 23. Qd2 f5 24. Ne5 Qe6 25. Bf3 Rd8 26. c4 Qd6 27. Bxd5+
1-0

[Event "SF Wadgassen/Differten-SG Porz"]
[Site "Torgelow"]
[Date "2006.12.29"]
[Round "5.1"]
[White "Kaplun, Viktoria"]
[Black "Dietzen, Corinna"]
[Result "0-1"]
[WhiteElo "1939"]
[BlackElo "1980"]
[PlyCount "78"]
[EventDate "2006.??.??"]

1. d4 d5 2. c4 c6 3. Nf3 Nf6 4. e3 Bf5 5. Nc3 e6 6. Be2 Bd6 7. O-O O-O 8. c5
Bc7 9. b4 Qe7 10. Bb2 Nbd7 11. a4 Ne4 12. Nxe4 dxe4 13. Ne1 Nf6 14. Rb1 Nd5 15.
Ba1 Bg6 16. g3 f5 17. Ng2 Bf7 18. b5 Rab8 19. bxc6 bxc6 20. Qc2 g5 21. Rxb8
Rxb8 22. Rb1 Qd8 23. Rxb8 Qxb8 24. Qb2 Qxb2 25. Bxb2 Ba5 26. Bc4 Bh5 27. Bb3
Be2 28. h4 h6 29. hxg5 hxg5 30. Kh2 Kf7 31. Kg1 Nc3 32. Bc1 Nb1 33. Bb2 Nd2 34.
Bc2 Nf3+ 35. Kh1 Bb4 36. Bd1 Kg6 37. Bc2 Kh5 38. Bd1 Kg6 39. Nh4+ gxh4 0-1